Kto na čo má V Job-clube radia nezamestnaným

Bibliographic Details
Main Author: -kv- (Author)
Corporate Author: JOB KLUB (klub pre nezamestnaných) (Author)
Format: Article
Language:Slovak
Subjects:

MARC

LEADER 00000nab a2200000 a 4500
001 vtls000915301
003 SK-MaSNL
005 20260302174152.0
008 040720e19920406xo 0 slo
035 |a KE24187 
040 |a KEVKJB  |b slo  |c KEVKJB  |e AACR2 
041 0 |a slo 
044 |a xo  |c SK 
080 |a 331.567  |2 1981 
080 |a 061.2  |2 1981 
100 0 |a -kv-  |4 aut  |9 883442 
245 1 0 |a Kto na čo má  |b V Job-clube radia nezamestnaným 
610 2 7 |a JOB KLUB (klub pre nezamestnaných)  |2 KEVKJB  |9 882580 
650 0 7 |a nezamestnanosť  |2 KEVKJB  |9 4271 
650 0 7 |a činnosť poradenská  |2 KEVKJB  |9 880774 
651 7 |a Alžbetina ulica č.12 (Košice, Slovensko)  |2 KEVKJB  |9 883443 
651 7 |a KE,  |2 KEVKJB  |9 877256 
655 7 |a periodikum  |2 snkbucl  |9 29553 
710 2 |a JOB KLUB (klub pre nezamestnaných)  |4 aut  |9 882580 
773 0 8 |t Košický večer  |g Roč. 3  |g Roč. 28, č.68, 6.4.1992, s. 2 
852 |a ZVYKNI  |b KIS3GCP 
999 |c 1403213  |d 1405143